000 00491nam a2200169 4500
001 133122
003 ES-MaACL
005 20230906194329.0
007 t|
008 070214s1960 sp r ||||1| spa d
100 1 _aRubino, Lauretta.
_9100328
245 1 0 _aLauretta cuenta su vida /
_cLauretta Rubino ; [traducción Carmen Peraita].
260 _aMadrid :
_bRomanica,
_c1960.
300 _a121 p. ;
_c18 cm.
700 1 _aPeraita, Carmen.
_990348
852 _aES-MaACL
_jC-17768
_bR.46062
999 _c133122
_d133122